000 00895cam a22002773a 4500
001 25489
003 PGUSA
005 20140828083540.0
008 080516s2008||||xxu|||||s|||||000 1 eng d
040 _aPGUSA
_beng
042 _adc
050 4 _aPZ
050 4 _aPS
100 1 _aPeck, George W.
_q(George Wilbur),
_d1840-1916
245 1 0 _aPeck's Bad Boy Abroad :
_bBeing a Humorous Description of the Bad Boy and His Dad in Their Journeys Through Foreign Lands - 1904
_h[electronic resource] /
_cGeorge W. Peck
260 _bProject Gutenberg,
_c2008
506 _aPublic domain in the USA.
516 _aElectronic text
653 _aVoyages and travels -- Fiction
653 _aAmerican wit and humor
653 _aBoys -- Fiction
653 _aPractical jokes -- Fiction
830 0 _aProject Gutenberg
_v25489
856 4 0 _uhttp://www.gutenberg.org/ebooks/25489
942 _cEB
999 _c254744
_d254744